Datum a čas kvízu
15.5
Celkem bodů
Celkový počet nahraných bodů na tomto kvízu bez doplňovacích otázek.
8.
Pořadí na kvízu
Konečné umístění týmu na tomto kvízu.
Zaznamenané odpovědi
| # | Otázka | Odpověď | Body | Výsledky |
|---|---|---|---|---|
| 1. | Na české území se po více než... | Jan Žižka | 0 | |
| 2. | Radní nizozemského města Haag... | C) reklama na cokoli souvisejícího s fosilními palivy | 0 | |
| 3. | Který zpěvák si v utajení vzal... | Richard Müller | 0 | |
| 4. | Skupina TCF Capital podnikate... | Pilulka | 1 | |
| 5. | Švýcarská tenistka se slovensk... | Belinda Bencic | 0 | |
| 6. | Evropský den jazyků se slaví k... | 1C 2D 3B 4A | 0 | |
| 7. | Kašubština patří mezi jazyky: | C | 0 | |
| 8. | Sedila, tedy háček pod písmene... | C | 0 | |
| 9. | Vrcholný představitel ruského... | Fjodor Michajlovič Dostojevskij | 1 | |
| 10. | Kterým slovem na pět písmen se... | Banát | 1 |